The phase rule : (Record no. 11852)

MARC details
000 -LEADER
fixed length control field 00943cam a22002891i 4500
001 - CONTROL NUMBER
control field 6501063
003 - CONTROL NUMBER IDENTIFIER
control field EG-ScBUE
005 - DATE AND TIME OF LATEST TRANSACTION
control field 20260426094158.0
008 - FIXED-LENGTH DATA ELEMENTS--GENERAL INFORMATION
fixed length control field 711126t1951 nyua f 000 0 eng d
035 ## - SYSTEM CONTROL NUMBER
System control number (OCoLC)175453
040 ## - CATALOGING SOURCE
Original cataloging agency DLC
Language of cataloging eng
Description conventions rda
Transcribing agency OKentU
Modifying agency OCoLC
-- DLC
-- EG-ScBUE
082 04 - DEWEY DECIMAL CLASSIFICATION NUMBER
Classification number 541.363
Edition number 22
Item number FIN
100 1# - MAIN ENTRY--PERSONAL NAME
Personal name Findlay, Alexander,
Dates associated with a name 1874-
Relator term author.
9 (RLIN) 6253
245 14 - TITLE STATEMENT
Title The phase rule :
Remainder of title and its applications /
Statement of responsibility, etc Alexander Findlay.
250 ## - EDITION STATEMENT
Edition statement Ninth edition.
264 #1 - PUBLICATION, DISTRIBUTION, ETC. (IMPRINT)
Place of publication, distribution, etc [New York] :
Name of publisher, distributor, etc Dover Publications,
Date of publication, distribution, etc [1951]
264 #4 - PUBLICATION, DISTRIBUTION, ETC. (IMPRINT)
Date of publication, distribution, etc c1951
300 ## - PHYSICAL DESCRIPTION
Extent 494 pages :
Other physical details illustrations ;
Dimensions 22 cm
336 ## - CONTENT TYPE
Source rdacontent
Content type term text
Content type code txt
337 ## - MEDIA TYPE
Media type term unmediated
Source rdamedia
Media type code n
338 ## - CARRIER TYPE
Carrier type term volume
Carrier type code nc
Source rdacarrier
650 #7 - SUBJECT ADDED ENTRY--TOPICAL TERM
Topical term or geographic name as entry element Phase rule and equilibrium.
Source of heading or term BUEsh
9 (RLIN) 6254
650 #7 - SUBJECT ADDED ENTRY--TOPICAL TERM
Topical term or geographic name as entry element Solution (Chemistry).
Source of heading or term BUEsh
9 (RLIN) 6255
650 #7 - SUBJECT ADDED ENTRY--TOPICAL TERM
Topical term or geographic name as entry element Chemistry, Physical and theoretical.
Source of heading or term BUEsh
9 (RLIN) 6256
655 ## - INDEX TERM--GENRE/FORM
Form subdivision Reading book
942 ## - ADDED ENTRY ELEMENTS (KOHA)
Source of classification or shelving scheme Dewey Decimal Classification
Koha item type Book - Borrowing
Holdings
Withdrawn status Lost status Source of classification or shelving scheme Damaged status Not for loan Collection code Home library Current library Shelving location Date acquired Source of acquisition Cost, normal purchase price Total Checkouts Full call number Barcode Date last seen Koha item type
    Dewey Decimal Classification     Alef-Baa Central Library Central Library First floor 17/06/2009 Purchase 150.00   541.363 FIN 000016858 15/07/2025 Book - Borrowing